[Event "English Open Championship 2024"]
[Site "Holiday Inn, 212 Abbey End, Kenilworth CV8 1ED, United Kingdom"]
[Date "2024.06.22"]
[Round "5.19"]
[White "Schell, Finn"]
[Black "Pal, Rohan"]
[Result "1/2-1/2"]
[TimeControl "G90 + 30secs/move"]
[WhiteFideId "343406378"]
[BlackFideId "462489"]
[WhiteElo "1863"]
[BlackElo "2097"]

1. e4 {[%clk 01:30:59]} {[%emt 00:00:01]} c5 {[%clk 01:30:57]} {[%emt
00:00:03]} 2. Nf3 {[%clk 01:31:25]} {[%emt 00:00:03]} e6 {[%clk 01:31:25]}
{[%emt 00:00:03]} 3. c3 {[%clk 01:31:51]} {[%emt 00:00:04]} d5 {[%clk
01:31:54]} {[%emt 00:00:01]} 4. exd5 {[%clk 01:32:16]} {[%emt 00:00:05]} Qxd5
{[%clk 01:32:21]} {[%emt 00:00:03]} 5. d4 {[%clk 01:32:41]} {[%emt 00:00:05]}
Nf6 {[%clk 01:32:47]} {[%emt 00:00:04]} 6. Na3 {[%clk 01:33:03]} {[%emt
00:00:07]} a6 {[%clk 01:33:15]} {[%emt 00:00:03]} 7. Nc4 {[%clk 01:33:25]}
{[%emt 00:00:07]} Nbd7 {[%clk 01:33:44]} {[%emt 00:00:03]} 8. a4 {[%clk
01:33:47]} {[%emt 00:00:07]} b6 {[%clk 01:34:09]} {[%emt 00:00:06]} 9. Be2
{[%clk 01:34:10]} {[%emt 00:00:06]} Bb7 {[%clk 01:34:33]} {[%emt 00:00:07]} 10.
O-O {[%clk 01:34:30]} {[%emt 00:00:09]} cxd4 {[%clk 01:31:38]} {[%emt
00:03:25]} 11. Qxd4 {[%clk 01:34:58]} {[%emt 00:00:02]} Bc5 {[%clk 01:31:57]}
{[%emt 00:00:11]} 12. Qxd5 {[%clk 01:31:52]} {[%emt 00:03:35]} Nxd5 {[%clk
01:31:25]} {[%emt 00:01:03]} 13. Nfe5 {[%clk 01:24:57]} {[%emt 00:07:24]} Nxe5
{[%clk 01:28:09]} {[%emt 00:03:47]} 14. Nxe5 {[%clk 01:25:25]} {[%emt
00:00:02]} Ke7 {[%clk 01:26:33]} {[%emt 00:02:06]} 15. Bf3 {[%clk 01:23:21]}
{[%emt 00:02:33]} b5 {[%clk 01:23:58]} {[%emt 00:03:06]} 16. Re1 {[%clk
01:07:51]} {[%emt 00:15:59]} Rhc8 {[%clk 01:15:36]} {[%emt 00:08:53]} 17. Nd3
{[%clk 01:00:32]} {[%emt 00:07:49]} Bd6 {[%clk 01:10:29]} {[%emt 00:05:37]} 18.
Nf4 {[%clk 00:57:26]} {[%emt 00:03:35]} Bxf4 {[%clk 01:10:04]} {[%emt
00:00:55]} 19. Bxf4 {[%clk 00:57:50]} {[%emt 00:00:07]} Rc4 {[%clk 01:09:49]}
{[%emt 00:00:45]} 20. Re4 {[%clk 00:40:57]} {[%emt 00:17:22]} Rc5 {[%clk
00:47:00]} {[%emt 00:23:20]} 21. Bg3 {[%clk 00:30:32]} {[%emt 00:10:55]} g5
{[%clk 00:35:49]} {[%emt 00:11:41]} 22. Ree1 {[%clk 00:27:29]} {[%emt
00:03:31]} f5 {[%clk 00:30:11]} {[%emt 00:06:09]} 23. Be5 {[%clk 00:27:09]}
{[%emt 00:00:48]} g4 {[%clk 00:29:50]} {[%emt 00:00:54]} 24. Bd4 {[%clk
00:24:13]} {[%emt 00:03:26]} Rcc8 {[%clk 00:28:46]} {[%emt 00:01:33]} 25. Bxd5
{[%clk 00:23:06]} {[%emt 00:01:37]} Bxd5 {[%clk 00:29:10]} {[%emt 00:00:06]} 26.
axb5 {[%clk 00:22:50]} {[%emt 00:00:47]} axb5 {[%clk 00:29:35]} {[%emt
00:00:05]} 27. Ba7 {[%clk 00:21:34]} {[%emt 00:01:45]} Rc7 {[%clk 00:29:06]}
{[%emt 00:01:00]} 1/2-1/2

[Event "English Open Championship 2024"]
[Site "Holiday Inn, 212 Abbey End, Kenilworth CV8 1ED, United Kingdom"]
[Date "2024.06.22"]
[Round "5.20"]
[White "Sefton, Adam"]
[Black "Mikalajunas, Kajus"]
[Result "0-1"]
[TimeControl "G90 + 30secs/move"]
[WhiteFideId "343400965"]
[BlackFideId "483621"]
[WhiteElo "1850"]
[BlackElo "1995"]

1. e4 {[%clk 01:30:44]} {[%emt 00:00:15]} c6 {[%clk 01:30:55]} {[%emt
00:00:06]} 2. Nf3 {[%clk 01:31:06]} {[%emt 00:00:08]} d5 {[%clk 01:31:18]}
{[%emt 00:00:07]} 3. Nc3 {[%clk 01:31:32]} {[%emt 00:00:05]} dxe4 {[%clk
01:31:41]} {[%emt 00:00:06]} 4. Nxe4 {[%clk 01:31:57]} {[%emt 00:00:05]} Nf6
{[%clk 01:32:01]} {[%emt 00:00:10]} 5. Qe2 {[%clk 01:32:25]} {[%emt 00:00:03]}
Nxe4 {[%clk 01:32:21]} {[%emt 00:00:10]} 6. Qxe4 {[%clk 01:32:50]} {[%emt
00:00:04]} Nd7 {[%clk 01:32:42]} {[%emt 00:00:08]} 7. Bc4 {[%clk 01:33:10]}
{[%emt 00:00:11]} Nf6 {[%clk 01:33:04]} {[%emt 00:00:08]} 8. Ne5 {[%clk
01:33:31]} {[%emt 00:00:09]} e6 {[%clk 01:33:27]} {[%emt 00:00:07]} 9. Qe2
{[%clk 01:33:48]} {[%emt 00:00:13]} Bd6 {[%clk 01:33:48]} {[%emt 00:00:09]} 10.
d4 {[%clk 01:34:14]} {[%emt 00:00:05]} O-O {[%clk 01:34:09]} {[%emt 00:00:08]}
11. O-O {[%clk 01:34:33]} {[%emt 00:00:11]} Qc7 {[%clk 01:34:31]} {[%emt
00:00:08]} 12. c3 {[%clk 01:34:11]} {[%emt 00:00:52]} b6 {[%clk 01:34:18]}
{[%emt 00:00:43]} 13. h3 {[%clk 01:30:22]} {[%emt 00:04:19]} Bb7 {[%clk
01:34:26]} {[%emt 00:00:22]} 14. Bd3 {[%clk 01:22:57]} {[%emt 00:07:55]} c5
{[%clk 01:34:03]} {[%emt 00:00:54]} 15. Nf3 {[%clk 01:09:54]} {[%emt 00:13:32]}
h6 {[%clk 01:23:10]} {[%emt 00:11:23]} 16. Rd1 {[%clk 01:05:52]} {[%emt
00:04:32]} Rfd8 {[%clk 01:19:24]} {[%emt 00:04:15]} 17. Ba6 {[%clk 00:59:26]}
{[%emt 00:06:57]} Bd5 {[%clk 01:17:36]} {[%emt 00:02:18]} 18. Bc4 {[%clk
00:48:03]} {[%emt 00:11:53]} Rab8 {[%clk 00:48:19]} {[%emt 00:29:47]} 19. Bxd5
{[%clk 00:47:15]} {[%emt 00:01:18]} Nxd5 {[%clk 00:41:42]} {[%emt 00:07:06]} 20.
c4 {[%clk 00:37:53]} {[%emt 00:09:53]} Nf6 {[%clk 00:38:34]} {[%emt 00:03:38]}
21. b3 {[%clk 00:37:47]} {[%emt 00:00:36]} cxd4 {[%clk 00:37:07]} {[%emt
00:01:58]} 22. Nxd4 {[%clk 00:37:48]} {[%emt 00:00:29]} Bc5 {[%clk 00:36:20]}
{[%emt 00:01:16]} 23. Bb2 {[%clk 00:37:51]} {[%emt 00:00:28]} Qf4 {[%clk
00:34:00]} {[%emt 00:02:49]} 24. Nc6 {[%clk 00:32:24]} {[%emt 00:05:52]} Ne4
{[%clk 00:31:13]} {[%emt 00:03:22]} 25. Bd4 {[%clk 00:29:29]} {[%emt 00:03:24]}
Bxd4 {[%clk 00:29:41]} {[%emt 00:02:02]} 26. Rxd4 {[%clk 00:28:09]} {[%emt
00:01:51]} Rxd4 {[%clk 00:29:50]} {[%emt 00:00:21]} 27. Nxd4 {[%clk 00:28:32]}
{[%emt 00:00:07]} Nc3 {[%clk 00:30:12]} {[%emt 00:00:07]} 28. Qb2 {[%clk
00:27:29]} {[%emt 00:01:34]} Qxd4 {[%clk 00:30:27]} {[%emt 00:00:15]} 29. Rc1
{[%clk 00:27:46]} {[%emt 00:00:13]} Nb5 {[%clk 00:30:46]} {[%emt 00:00:13]} 30.
Qe2 {[%clk 00:28:10]} {[%emt 00:00:04]} Qf4 {[%clk 00:29:48]} {[%emt 00:01:29]}
31. Re1 {[%clk 00:26:52]} {[%emt 00:01:48]} Nd4 {[%clk 00:30:05]} {[%emt
00:00:13]} 0-1

[Event "English Open Championship 2024"]
[Site "Holiday Inn, 212 Abbey End, Kenilworth CV8 1ED, United Kingdom"]
[Date "2024.06.22"]
[Round "5.21"]
[White "Atako, Chino C"]
[Black "Mclachlan, Matthew"]
[Result "1-0"]
[TimeControl "G90 + 30secs/move"]
[WhiteFideId "468649"]
[BlackFideId "436003"]
[WhiteElo "2003"]
[BlackElo "1917"]

1. d4 {[%clk 01:25:08]} {[%emt 00:05:51]} Nf6 {[%clk 01:30:45]} {[%emt
00:00:15]} 2. c4 {[%clk 01:25:13]} {[%emt 00:00:25]} c5 {[%clk 01:31:10]}
{[%emt 00:00:05]} 3. d5 {[%clk 01:25:37]} {[%emt 00:00:06]} e6 {[%clk
01:31:34]} {[%emt 00:00:06]} 4. Nc3 {[%clk 01:25:49]} {[%emt 00:00:18]} exd5
{[%clk 01:31:59]} {[%emt 00:00:05]} 5. cxd5 {[%clk 01:26:12]} {[%emt 00:00:07]}
d6 {[%clk 01:32:23]} {[%emt 00:00:05]} 6. e4 {[%clk 01:26:11]} {[%emt
00:00:32]} g6 {[%clk 01:32:41]} {[%emt 00:00:12]} 7. Bf4 {[%clk 01:23:34]}
{[%emt 00:03:06]} a6 {[%clk 01:23:28]} {[%emt 00:09:45]} 8. a4 {[%clk
01:22:29]} {[%emt 00:01:35]} Bg7 {[%clk 01:23:44]} {[%emt 00:00:12]} 9. Bd3
{[%clk 01:21:52]} {[%emt 00:01:07]} O-O {[%clk 01:24:02]} {[%emt 00:00:13]} 10.
Nge2 {[%clk 01:22:01]} {[%emt 00:00:20]} b6 {[%clk 01:23:22]} {[%emt 00:01:11]}
11. Ng3 {[%clk 01:21:17]} {[%emt 00:01:13]} Qc7 {[%clk 01:23:04]} {[%emt
00:00:49]} 12. O-O {[%clk 01:19:28]} {[%emt 00:02:19]} Nbd7 {[%clk 01:21:14]}
{[%emt 00:02:20]} 13. Re1 {[%clk 01:19:48]} {[%emt 00:00:09]} Re8 {[%clk
01:19:20]} {[%emt 00:02:25]} 14. h3 {[%clk 01:16:14]} {[%emt 00:04:04]} c4
{[%clk 01:15:00]} {[%emt 00:04:51]} 15. Bf1 {[%clk 01:13:20]} {[%emt 00:03:23]}
Rb8 {[%clk 01:14:28]} {[%emt 00:01:03]} 16. Be3 {[%clk 01:01:56]} {[%emt
00:11:53]} b5 {[%clk 01:05:13]} {[%emt 00:09:45]} 17. axb5 {[%clk 00:58:27]}
{[%emt 00:03:59]} axb5 {[%clk 01:05:38]} {[%emt 00:00:04]} 18. Ra7 {[%clk
00:58:52]} {[%emt 00:00:06]} Qd8 {[%clk 01:06:03]} {[%emt 00:00:05]} 19. b4
{[%clk 00:56:25]} {[%emt 00:02:57]} Nh5 {[%clk 00:34:55]} {[%emt 00:31:38]} 20.
Bd4 {[%clk 00:55:40]} {[%emt 00:01:14]} Bxd4 {[%clk 00:33:00]} {[%emt
00:02:26]} 21. Qxd4 {[%clk 00:56:05]} {[%emt 00:00:05]} Nxg3 {[%clk 00:33:21]}
{[%emt 00:00:09]} 22. fxg3 {[%emt 00:04:28]} Ne5 {[%clk 00:29:29]} 23. Be2
{[%clk 00:56:52]} {[%emt 00:00:06]} Qg5 {[%clk 00:24:29]} {[%emt 00:05:31]} 24.
Kh2 {[%clk 00:57:19]} {[%emt 00:00:02]} Qf6 {[%clk 00:24:12]} {[%emt 00:00:48]}
25. Qd2 {[%clk 00:56:09]} {[%emt 00:01:40]} Qf2 {[%clk 00:21:41]} {[%emt
00:03:02]} 26. Ra2 {[%clk 00:56:36]} {[%emt 00:00:03]} Bd7 {[%clk 00:20:23]}
{[%emt 00:01:48]} 27. Rf1 {[%clk 00:56:31]} {[%emt 00:00:32]} Qb6 {[%clk
00:20:40]} {[%emt 00:00:16]} 28. Rfa1 {[%clk 00:49:53]} {[%emt 00:07:07]} Qf2
{[%clk 00:20:13]} {[%emt 00:00:56]} 29. Nd1 {[%clk 00:50:12]} {[%emt 00:00:09]}
Qf6 {[%clk 00:20:23]} {[%emt 00:00:22]} 30. Ra7 {[%clk 00:48:08]} {[%emt
00:02:34]} Rbc8 {[%clk 00:20:07]} {[%emt 00:00:47]} 31. Kg1 {[%clk 00:46:37]}
{[%emt 00:01:58]} Red8 {[%clk 00:16:30]} {[%emt 00:04:10]} 32. Nc3 {[%clk
00:46:45]} {[%emt 00:00:22]} Nd3 {[%clk 00:15:09]} {[%emt 00:01:52]} 33. Nd1
{[%clk 00:36:08]} {[%emt 00:11:06]} Qd4+ {[%clk 00:10:07]} {[%emt 00:05:33]} 34.
Kh2 {[%clk 00:35:03]} {[%emt 00:01:33]} Re8 {[%clk 00:10:16]} {[%emt 00:00:23]}
35. Bxd3 {[%clk 00:12:58]} {[%emt 00:22:34]} cxd3 {[%clk 00:09:42]} {[%emt
00:01:04]} 36. R1a3 {[%clk 00:13:09]} {[%emt 00:00:19]} Qxe4 {[%clk 00:05:24]}
{[%emt 00:04:48]} 37. Rxd3 {[%clk 00:11:52]} {[%emt 00:01:47]} Bf5 {[%clk
00:05:12]} {[%emt 00:00:42]} 38. Re3 {[%clk 00:10:44]} {[%emt 00:01:37]} Qc2
{[%clk 00:05:23]} {[%emt 00:00:20]} 39. Qxc2 {[%clk 00:09:10]} {[%emt
00:02:05]} Bxc2 {[%clk 00:05:49]} {[%emt 00:00:04]} 40. Rxe8+ {[%clk 00:09:35]}
{[%emt 00:00:04]} Rxe8 {[%clk 00:06:14]} {[%emt 00:00:05]} 41. Nc3 {[%clk
00:09:59]} {[%emt 00:00:06]} Bd3 {[%clk 00:05:39]} {[%emt 00:01:05]} 42. Rb7
{[%clk 00:10:00]} {[%emt 00:00:28]} Bc4 {[%clk 00:03:35]} {[%emt 00:02:35]} 43.
Rb6 {[%clk 00:07:15]} {[%emt 00:03:15]} Re5 {[%clk 00:02:36]} {[%emt 00:01:30]}
44. Nxb5 {[%clk 00:03:48]} {[%emt 00:03:56]} Bxd5 {[%clk 00:02:24]} {[%emt
00:00:42]} 45. Nc3 {[%clk 00:04:10]} {[%emt 00:00:07]} Be6 {[%clk 00:02:11]}
{[%emt 00:00:44]} 46. Rxd6 {[%clk 00:04:32]} {[%emt 00:00:09]} Re3 {[%clk
00:02:28]} {[%emt 00:00:12]} 47. Rc6 {[%clk 00:04:17]} {[%emt 00:00:45]} Rd3
{[%clk 00:01:44]} {[%emt 00:01:14]} 48. b5 {[%clk 00:04:09]} {[%emt 00:00:37]}
Rd2 {[%clk 00:01:55]} {[%emt 00:00:20]} 49. b6 {[%clk 00:04:03]} {[%emt
00:00:36]} Rb2 {[%clk 00:02:20]} {[%emt 00:00:05]} 50. Na4 {[%clk 00:02:29]}
{[%emt 00:02:04]} Rxg2+ {[%clk 00:02:02]} {[%emt 00:00:49]} 51. Kxg2 {[%clk
00:02:56]} {[%emt 00:00:01]} Bd5+ {[%clk 00:02:26]} {[%emt 00:00:07]} 52. Kf2
{[%clk 00:03:19]} {[%emt 00:00:07]} Bxc6 {[%clk 00:02:52]} {[%emt 00:00:03]} 53.
Nc5 {[%clk 00:03:45]} {[%emt 00:00:05]} f5 {[%clk 00:03:00]} {[%emt 00:00:22]}
54. b7 {[%clk 00:03:59]} {[%emt 00:00:16]} Bxb7 {[%clk 00:03:29]} {[%emt
00:00:02]} 55. Nxb7 {[%clk 00:04:22]} {[%emt 00:00:06]} Kf7 {[%clk 00:03:57]}
{[%emt 00:00:02]} 56. Nc5 {[%clk 00:04:45]} {[%emt 00:00:08]} Kf6 {[%clk
00:04:11]} {[%emt 00:00:15]} 57. Kf3 {[%clk 00:04:51]} {[%emt 00:00:24]} h5
{[%clk 00:02:35]} {[%emt 00:02:06]} 58. Nd7+ {[%clk 00:02:10]} {[%emt
00:03:10]} Ke7 {[%clk 00:02:32]} {[%emt 00:00:34]} 59. Ne5 {[%clk 00:01:36]}
{[%emt 00:01:03]} Kf6 {[%clk 00:02:54]} {[%emt 00:00:09]} 60. Nd3 {[%clk
00:01:42]} {[%emt 00:00:24]} g5 {[%clk 00:01:12]} {[%emt 00:02:12]} 61. h4
{[%clk 00:01:04]} {[%emt 00:01:10]} Kg6 {[%clk 00:01:29]} {[%emt 00:00:12]} 62.
Ne5+ {[%clk 00:01:10]} {[%emt 00:00:24]} Kf6 {[%clk 00:01:47]} {[%emt
00:00:12]} 63. Nd7+ {[%clk 00:01:28]} {[%emt 00:00:12]} Kg6 {[%clk 00:00:57]}
{[%emt 00:01:21]} 64. Ke3 {[%clk 00:01:20]} {[%emt 00:00:37]} f4+ {[%clk
00:01:15]} {[%emt 00:00:13]} 65. gxf4 {[%clk 00:01:38]} {[%emt 00:00:11]} gxh4
{[%clk 00:01:24]} {[%emt 00:00:21]} 66. Ke4 {[%clk 00:01:41]} {[%emt 00:00:27]}
h3 {[%clk 00:01:46]} {[%emt 00:00:08]} 67. Ne5+ {[%clk 00:02:06]} {[%emt
00:00:05]} Kf6 {[%clk 00:02:03]} {[%emt 00:00:13]} 68. Nf3 {[%clk 00:02:21]}
{[%emt 00:00:15]} Kg6 {[%clk 00:00:48]} {[%emt 00:01:45]} 69. Ke5 {[%clk
00:02:46]} {[%emt 00:00:05]} h4 {[%clk 00:01:08]} {[%emt 00:00:10]} 70. Ke6
{[%clk 00:03:06]} {[%emt 00:00:10]} h2 {[%clk 00:00:56]} {[%emt 00:00:41]} 71.
Nxh2 {[%clk 00:03:31]} {[%emt 00:00:06]} Kh5 {[%clk 00:01:24]} {[%emt
00:00:02]} 72. f5 {[%clk 00:03:43]} {[%emt 00:00:18]} h3 {[%clk 00:01:49]}
{[%emt 00:00:05]} 73. f6 {[%clk 00:03:52]} {[%emt 00:00:20]} Kh4 {[%clk
00:02:15]} {[%emt 00:00:05]} 74. Nf1 {[%clk 00:04:01]} {[%emt 00:00:21]} 1-0

[Event "English Open Championship 2024"]
[Site "Holiday Inn, 212 Abbey End, Kenilworth CV8 1ED, United Kingdom"]
[Date "2024.06.22"]
[Round "5.22"]
[White "Dias, Savin"]
[Black "Green, Michael"]
[Result "1-0"]
[TimeControl "G90 + 30secs/move"]
[WhiteFideId "442399"]
[BlackFideId "437514"]
[WhiteElo "1983"]
[BlackElo "1961"]

1. d4 {[%clk 01:25:59]} {[%emt 00:05:00]} Nf6 {[%clk 01:30:34]} {[%emt
00:00:26]} 2. c4 {[%clk 01:26:09]} {[%emt 00:00:21]} c5 {[%clk 01:31:00]}
{[%emt 00:00:04]} 3. d5 {[%clk 01:26:29]} {[%emt 00:00:09]} e6 {[%clk
01:31:24]} {[%emt 00:00:06]} 4. Nc3 {[%clk 01:26:10]} {[%emt 00:00:50]} exd5
{[%clk 01:31:47]} {[%emt 00:00:06]} 5. cxd5 {[%clk 01:26:31]} {[%emt 00:00:09]}
d6 {[%clk 01:32:08]} {[%emt 00:00:08]} 6. e4 {[%clk 01:26:12]} {[%emt
00:00:50]} g6 {[%clk 01:32:15]} {[%emt 00:00:24]} 7. f4 {[%clk 01:25:44]}
{[%emt 00:00:58]} Bg7 {[%clk 01:32:25]} {[%emt 00:00:19]} 8. Bb5+ {[%clk
01:24:02]} {[%emt 00:02:12]} Nfd7 {[%clk 01:32:47]} {[%emt 00:00:07]} 9. a4
{[%clk 01:23:23]} {[%emt 00:01:10]} Na6 {[%clk 01:32:35]} {[%emt 00:00:43]} 10.
Nf3 {[%clk 01:22:44]} {[%emt 00:01:09]} Nb4 {[%clk 01:32:47]} {[%emt 00:00:16]}
11. O-O {[%clk 01:22:13]} {[%emt 00:01:02]} a6 {[%clk 01:31:33]} {[%emt
00:01:45]} 12. Be2 {[%clk 01:21:56]} {[%emt 00:00:46]} O-O {[%clk 01:31:42]}
{[%emt 00:00:21]} 13. Be3 {[%clk 01:20:31]} {[%emt 00:01:56]} Re8 {[%clk
01:28:37]} {[%emt 00:03:34]} 14. Bf2 {[%clk 01:19:08]} {[%emt 00:01:53]} b6
{[%clk 01:25:50]} {[%emt 00:03:17]} 15. g4 {[%clk 01:08:15]} {[%emt 00:11:23]}
Qc7 {[%clk 01:17:02]} {[%emt 00:09:17]} 16. g5 {[%clk 00:56:23]} {[%emt
00:12:23]} c4 {[%clk 01:06:49]} {[%emt 00:10:43]} 17. f5 {[%clk 00:43:23]}
{[%emt 00:13:31]} Be5 {[%clk 00:59:54]} {[%emt 00:07:24]} 18. Qd2 {[%clk
00:33:03]} {[%emt 00:10:50]} Nc5 {[%clk 00:56:04]} {[%emt 00:04:20]} 19. Nxe5
{[%clk 00:27:27]} {[%emt 00:06:07]} Rxe5 {[%clk 00:55:36]} {[%emt 00:00:56]} 20.
Bg3 {[%clk 00:26:20]} {[%emt 00:01:38]} Nb3 {[%clk 00:39:08]} {[%emt 00:16:58]}
21. Qd1 {[%clk 00:21:50]} {[%emt 00:05:01]} Nxa1 {[%clk 00:37:41]} {[%emt
00:01:56]} 22. Bxe5 {[%clk 00:21:12]} {[%emt 00:01:08]} dxe5 {[%clk 00:36:35]}
{[%emt 00:01:36]} 23. fxg6 {[%clk 00:19:16]} {[%emt 00:02:26]} Nac2 {[%clk
00:33:29]} {[%emt 00:03:36]} 24. gxh7+ {[%clk 00:14:47]} {[%emt 00:04:59]} Kxh7
{[%clk 00:28:22]} {[%emt 00:05:37]} 25. Bxc4 {[%clk 00:12:54]} {[%emt
00:02:23]} Kg6 {[%clk 00:18:23]} {[%emt 00:10:28]} 26. Qf3 {[%clk 00:09:11]}
{[%emt 00:04:13]} Qd6 {[%clk 00:09:04]} {[%emt 00:09:50]} 27. Qxf7+ {[%clk
00:08:25]} {[%emt 00:01:16]} Kxg5 {[%clk 00:09:28]} {[%emt 00:00:06]} 28. Be2
{[%clk 00:06:47]} {[%emt 00:02:07]} Qg6 {[%clk 00:02:22]} {[%emt 00:07:36]} 29.
Qe7+ {[%clk 00:06:40]} {[%emt 00:00:38]} Kh6+ {[%clk 00:02:46]} {[%emt
00:00:07]} 30. Kh1 {[%clk 00:06:49]} {[%emt 00:00:20]} Bh3 {[%clk 00:00:49]}
{[%emt 00:02:27]} 31. Qh4+ {[%clk 00:04:55]} {[%emt 00:02:24]} Kg7 {[%clk
00:01:09]} {[%emt 00:00:10]} 32. Qxh3 {[%clk 00:04:48]} {[%emt 00:00:38]} Rh8
{[%clk 00:00:59]} {[%emt 00:00:39]} 33. Qd7+ {[%clk 00:04:58]} {[%emt
00:00:19]} Kh6 {[%clk 00:01:02]} {[%emt 00:00:28]} 34. Rg1 {[%clk 00:04:55]}
{[%emt 00:00:32]} Rg8 {[%clk 00:00:33]} {[%emt 00:01:00]} 35. Qh3+ {[%clk
00:04:56]} {[%emt 00:00:30]} Kg7 {[%clk 00:00:56]} {[%emt 00:00:07]} 36. Rxg6+
{[%clk 00:05:23]} {[%emt 00:00:02]} Kxg6 {[%clk 00:01:21]} {[%emt 00:00:05]} 37.
Bh5+ {[%clk 00:05:37]} {[%emt 00:00:16]} Kg7 {[%clk 00:01:36]} {[%emt
00:00:15]} 38. Qd7+ {[%clk 00:05:23]} {[%emt 00:00:44]} Kh8 {[%clk 00:01:32]}
{[%emt 00:00:35]} 39. Qe6 {[%clk 00:05:38]} {[%emt 00:00:15]} Rg7 {[%clk
00:01:43]} {[%emt 00:00:18]} 40. Bg6 {[%clk 00:05:53]} {[%emt 00:00:15]} Nd3
{[%clk 00:02:03]} {[%emt 00:00:10]} 41. Qh3+ {[%clk 00:06:16]} {[%emt
00:00:07]} Kg8 {[%clk 00:02:26]} {[%emt 00:00:07]} 42. Qc8# {[%clk 00:06:43]}
{[%emt 00:00:03]} 1-0

[Event "English Open Championship 2024"]
[Site "Holiday Inn, 212 Abbey End, Kenilworth CV8 1ED, United Kingdom"]
[Date "2024.06.22"]
[Round "5.23"]
[White "Dasgupta, Avyukt"]
[Black "Gibson, Christopher A"]
[Result "1-0"]
[TimeControl "G90 + 30secs/move"]
[WhiteFideId "480630"]
[BlackFideId "414697"]
[WhiteElo "2031"]
[BlackElo "1851"]

1. e4 {[%clk 01:30:46]} {[%emt 00:00:14]} c5 {[%clk 01:30:54]} {[%emt
00:00:07]} 2. Nf3 {[%clk 01:31:11]} {[%emt 00:00:04]} Nc6 {[%clk 01:31:18]}
{[%emt 00:00:06]} 3. Bb5 {[%clk 01:31:35]} {[%emt 00:00:06]} e6 {[%clk
01:31:41]} {[%emt 00:00:06]} 4. Bxc6 {[%clk 01:32:01]} {[%emt 00:00:05]} bxc6
{[%clk 01:32:07]} {[%emt 00:00:05]} 5. b3 {[%clk 01:32:16]} {[%emt 00:00:14]}
Ne7 {[%clk 01:23:33]} {[%emt 00:09:04]} 6. Bb2 {[%clk 01:31:17]} {[%emt
00:01:29]} Ba6 {[%clk 01:21:26]} {[%emt 00:02:36]} 7. d3 {[%clk 01:31:24]}
{[%emt 00:00:24]} Ng6 {[%clk 01:21:11]} {[%emt 00:00:44]} 8. c4 {[%clk
01:21:31]} {[%emt 00:10:24]} f6 {[%clk 01:17:29]} {[%emt 00:04:12]} 9. Nc3
{[%clk 01:15:56]} {[%emt 00:06:05]} Be7 {[%clk 00:53:52]} {[%emt 00:24:07]} 10.
Qd2 {[%clk 01:10:10]} {[%emt 00:06:16]} O-O {[%clk 00:44:27]} {[%emt 00:09:54]}
11. O-O {[%clk 01:00:15]} {[%emt 00:10:27]} e5 {[%clk 00:35:48]} {[%emt
00:09:08]} 12. Ne2 {[%clk 00:43:13]} {[%emt 00:17:32]} d6 {[%clk 00:32:46]}
{[%emt 00:03:32]} 13. g4 {[%clk 00:30:26]} {[%emt 00:13:17]} Bc8 {[%clk
00:28:57]} {[%emt 00:04:18]} 14. h3 {[%clk 00:29:58]} {[%emt 00:00:58]} Rf7
{[%clk 00:27:28]} {[%emt 00:02:00]} 15. Nh2 {[%clk 00:26:48]} {[%emt 00:03:40]}
Nf8 {[%clk 00:25:32]} {[%emt 00:02:26]} 16. f4 {[%clk 00:26:46]} {[%emt
00:00:33]} Ne6 {[%clk 00:25:03]} {[%emt 00:00:58]} 17. f5 {[%clk 00:17:03]}
{[%emt 00:10:13]} Nd4 {[%clk 00:23:52]} {[%emt 00:01:43]} 18. Nc3 {[%clk
00:15:44]} {[%emt 00:01:47]} g5 {[%clk 00:13:26]} {[%emt 00:10:55]} 19. Na4
{[%clk 00:07:41]} {[%emt 00:08:34]} h5 {[%clk 00:13:17]} {[%emt 00:00:38]} 20.
h4 {[%clk 00:06:18]} {[%emt 00:01:53]} gxh4 {[%clk 00:12:35]} {[%emt 00:01:12]}
21. gxh5 {[%clk 00:06:08]} {[%emt 00:00:40]} Rh7 {[%clk 00:10:37]} {[%emt
00:02:28]} 22. h6 {[%clk 00:04:22]} {[%emt 00:02:17]} Bd7 {[%clk 00:07:14]}
{[%emt 00:03:53]} 23. Ng4 {[%clk 00:03:55]} {[%emt 00:00:57]} Be8 {[%clk
00:07:10]} {[%emt 00:00:33]} 24. Qg2 {[%clk 00:04:10]} {[%emt 00:00:16]} Kh8
{[%clk 00:07:19]} {[%emt 00:00:21]} 25. Bc1 {[%clk 00:03:40]} {[%emt 00:01:00]}
Bh5 {[%clk 00:07:37]} {[%emt 00:00:12]} 26. Kf2 {[%clk 00:03:55]} {[%emt
00:00:16]} Bf8 {[%clk 00:04:29]} {[%emt 00:03:38]} 27. Rg1 {[%clk 00:03:45]}
{[%emt 00:00:39]} Qe7 {[%clk 00:04:22]} {[%emt 00:00:37]} 28. Nxf6 {[%clk
00:03:52]} {[%emt 00:00:23]} Bxh6 {[%clk 00:02:52]} {[%emt 00:02:00]} 29. Qg8+
{[%clk 00:04:11]} {[%emt 00:00:12]} Rxg8 {[%clk 00:03:16]} {[%emt 00:00:04]} 30.
Rxg8# {[%clk 00:04:08]} {[%emt 00:00:02]} 1-0